[Event "31. DSenEM2019 Gruppe 65+"]
[Site "Radebeul"]
[Date "2019.05.02"]
[Round "7.52"]
[White "Lomer, Edmund"]
[Black "Schmidt, Hans-Gerd"]
[Result "1/2-1/2"]
[WhiteElo "2053"]
[BlackElo "1850"]
[PlyCount "72"]
[EventDate "2019.??.??"]
[WhiteTeam "Eckernförder SC"]
[BlackTeam "TuS Coswig"]

1. Nf3 Nf6 2. g3 g6 3. Bg2 Bg7 4. d4 d6 5. O-O O-O 6. c4 Nbd7 7. Nc3 c5 8. Bg5
h6 9. Bxf6 Bxf6 10. Rc1 Rb8 11. Qd3 cxd4 12. Nxd4 Ne5 13. Qe4 Nxc4 14. Rc2 Ne5
15. Nd5 Bg7 16. f4 e6 17. Nc3 Ng4 18. h3 Nf6 19. Qd3 Bd7 20. Kh2 Qb6 21. Rd1
Rfd8 22. e4 Bc6 23. Nxc6 bxc6 24. b3 d5 25. e5 Nd7 26. Na4 Qb5 27. Qd4 Qb7 28.
Rdc1 Rbc8 29. Bf1 Bf8 30. h4 Ba3 31. Rd1 c5 32. Qd3 Qb4 33. Qa6 Nb6 34. Qxa7
Nxa4 35. Qxa4 Qxa4 36. bxa4 Rb8 1/2-1/2

[Event "31. DSenEM2019 Gruppe 65+"]
[Site "Radebeul"]
[Date "2019.05.02"]
[Round "7.53"]
[White "Krotofil, Kurt"]
[Black "Walther, Reinhard"]
[Result "1-0"]
[WhiteElo "1840"]
[BlackElo "2042"]
[PlyCount "181"]
[EventDate "2019.??.??"]
[WhiteTeam "Niendorfer TSV"]
[BlackTeam "SK Herzogenaurach"]

1. d4 d6 2. c4 Nf6 3. Nc3 g6 4. e4 Bg7 5. Nf3 O-O 6. Be2 Nbd7 7. O-O c5 8. d5
a6 9. Bf4 Nh5 10. Be3 Kh8 11. Ng5 Nhf6 12. f4 h6 13. Nf3 Nh7 14. Qd2 Ndf6 15.
h3 Rg8 16. Kh2 Qf8 17. Rad1 Bd7 18. e5 Ne8 19. Ne4 b5 20. Qa5 b4 21. Bd3 Bf5
22. g4 Bxe4 23. Bxe4 f5 24. Bc2 fxg4 25. Nh4 g3+ 26. Kg2 Bf6 27. exf6 Qxf6 28.
Nxg6+ Rxg6 29. Bxg6 Qxg6 30. f5 Qg7 31. Bc1 Nef6 32. Rde1 Ng5 33. Re2 Nxh3 34.
Rh1 Ng5 35. Qc7 Re8 36. Rhe1 Ng8 37. Qc6 Qf7 38. Bxg5 hxg5 39. Qd7 Kg7 40. Qe6
Rf8 41. Rg1 Qf6 42. Kxg3 Qxe6 43. Rxe6 Rf6 44. Re2 Rh6 45. Rgg2 Rh4 46. b3 Kf7
47. Rh2 Rd4 48. Re6 Nf6 49. Rhe2 Rg4+ 50. Kh3 Rh4+ 51. Kg2 Rg4+ 52. Kf1 Rf4+
53. Ke1 Ng8 54. Rf2 Rg4 55. Rfe2 Rf4 56. Rf2 Rg4 57. Kf1 Nf6 58. Rfe2 Ng8 59.
Rg2 Rf4+ 60. Rf2 Rg4 61. a3 a5 62. axb4 axb4 63. Re3 Nf6 64. Ra2 Rf4+ 65. Ke2
Rxf5 66. Ra7 Ng8 67. Rf3 Rxf3 68. Kxf3 Nf6 69. Ra8 g4+ 70. Kf4 g3 71. Kf3 Nd7
72. Kxg3 Ne5 73. Rh8 Nd3 74. Rh3 Kf6 75. Kf3 Ke5 76. Ke3 Nc1 77. Kd2 Na2 78.
Rh6 Nc3 79. Re6+ Kd4 80. Rxe7 Nb1+ 81. Kc2 Na3+ 82. Kb2 Nxc4+ 83. bxc4 Kxc4 84.
Re2 Kxd5 85. Kb3 Kc6 86. Re6 Kd7 87. Rh6 Kc7 88. Kc4 Kc6 89. Rg6 Kc7 90. Kd5 b3
91. Rg3 1-0

[Event "31. DSenEM2019 Gruppe 65+"]
[Site "Radebeul"]
[Date "2019.05.02"]
[Round "7.54"]
[White "Strehlow, Horst"]
[Black "Mertens, Gottfried"]
[Result "1-0"]
[WhiteElo "1946"]
[BlackElo "1782"]
[PlyCount "116"]
[EventDate "2019.??.??"]
[BlackTeam "SK Weinheim"]

 1. e4 e6 2. d4 d5 3. Nd2 Nf6 4. e5 Ne4 5.
Bd3 Nxd2 6. Bxd2 c5 7. c3 Bd7 8. dxc5 Bxc5 9. Qg4 Bf8 10. Nf3 Qb6 11. O-O Bb5
12. Bxb5+ Qxb5 13. a4 Qc4 14. Qxc4 dxc4 15. Rfe1 Nd7 16. Re4 Rc8 17. a5 b5 18.
axb6 axb6 19. Be3 Be7 20. Ra7 Bd8 21. Rd4 Nb8 22. Rb7 O-O 23. Rg4 h5 24. Re4
Bc7 25. Rxc4 Na6 26. Bxb6 Bxb6 27. Rxc8 Bxf2+ 28. Kxf2 Rxc8 29. Ng5 Nc5 30. Rb5
f6 31. exf6 gxf6 32. Nf3 e5 33. Ke3 Rc6 34. b3 Kf7 35. c4 Kg6 36. g3 Ne6 37.
Ke4 Nc7 38. Nh4+ Kg5 39. Rb8 Ne6 40. Kd5 Nd4 41. Nf3+ Nxf3 42. Kxc6 e4 43. Kd5
e3 44. Ra8 e2 45. Ra1 e1=Q 46. Rxe1 Nxe1 47. c5 Nd3 48. c6 Nb4+ 49. Kd6 Na6 50.
c7 Nxc7 51. Kxc7 h4 52. b4 hxg3 53. hxg3 Kg4 54. b5 Kxg3 55. b6 f5 56. b7 f4
57. b8=Q Kh2 58. Qh8+ Kg2 1-0

[Event "31. DSenEM2019 Gruppe 65+"]
[Site "Radebeul"]
[Date "2019.05.02"]
[Round "7.55"]
[White "Höhne, Peter"]
[Black "Möws, Harald"]
[Result "0-1"]
[WhiteElo "1925"]
[BlackElo "1737"]
[PlyCount "40"]
[EventDate "2019.??.??"]
[WhiteTeam "SG Hohndorf"]
[BlackTeam "SV Einheit Schwerin"]

1. e4 e6 2. d4 Be7 3. Qg4 g6 4. e5 d6 5. Nc3 a6 6. Nf3 c5 7. exd6 Bxd6 8. Bg5
f6 9. Bf4 e5 10. Qh4 exf4 11. Bc4 cxd4 12. Ne4 Qe7 13. O-O-O Nc6 14. Bxg8 Rxg8
15. Nxf6+ Kf7 16. Rde1 Qxf6 17. Ng5+ Kg7 18. Qxh7+ Kf8 19. Qh6+ Qg7 20. h4 Qxh6
0-1

[Event "31. DSenEM2019 Gruppe 65+"]
[Site "Radebeul"]
[Date "2019.05.02"]
[Round "7.56"]
[White "Kundt, Günther"]
[Black "Ehlert, Joachim"]
[Result "1/2-1/2"]
[WhiteElo "1736"]
[BlackElo "1918"]
[PlyCount "67"]
[EventDate "2019.??.??"]
[WhiteTeam "SSC Graal-Müritz"]
[BlackTeam "SV Lok Dresden"]

1. d4 Nf6 2. c4 g6 3. Nc3 Bg7 4. e4 O-O 5. Be2 d6 6. Bg5 Na6 7. h4 c5 8. d5 h6
9. Be3 Qa5 10. f3 Nh5 11. Qd2 Ng3 12. Rh2 Be5 13. Bf4 Bxc3 14. Qxc3 Qxc3+ 15.
bxc3 Nxe2 16. Nxe2 Kg7 17. g4 Nb8 18. e5 dxe5 19. Bxe5+ f6 20. Bxb8 Rxb8 21.
Kd2 Rd8 22. Kc2 b6 23. a4 e6 24. Rd1 e5 25. Ng3 Bd7 26. Ra1 Kf7 27. Rd2 Rg8 28.
Ne4 Ke7 29. g5 fxg5 30. hxg5 hxg5 31. d6+ Kd8 32. Nxg5 Bf5+ 33. Kb3 a6 34. Nf7+
1/2-1/2

[Event "31. DSenEM2019 Gruppe 65+"]
[Site "Radebeul"]
[Date "2019.05.02"]
[Round "7.57"]
[White "Wolke, Reimund"]
[Black "Lichtblau, Ernst"]
[Result "1-0"]
[WhiteElo "1916"]
[BlackElo "1729"]
[PlyCount "31"]
[EventDate "2019.??.??"]
[WhiteTeam "Hamburger SK"]
[BlackTeam "Brühler SK"]

1. e4 Nf6 2. e5 Nd5 3. d4 d6 4. c4 Nb6 5. Nf3 Bg4 6. Be2 dxe5 7. c5 N6d7 8.
Nxe5 Bxe2 9. Qxe2 Nxe5 10. dxe5 e6 11. O-O c6 12. Nc3 Bxc5 13. Qg4 Kf8 14. Ne4
Qe7 15. Bg5 f6 16. exf6 1-0

[Event "31. DSenEM2019 Gruppe 65+"]
[Site "Radebeul"]
[Date "2019.05.02"]
[Round "7.58"]
[White "Rache, Ralf"]
[Black "Kurpiela, Franz"]
[Result "1-0"]
[WhiteElo "1903"]
[BlackElo "1731"]
[PlyCount "45"]
[EventDate "2019.??.??"]
[WhiteTeam "Aachener SV"]
[BlackTeam "TSG Öhringen"]

1. e4 e5 2. f4 Bc5 3. Nf3 exf4 4. d4 Bb6 5. Bxf4 d6 6. Bc4 h6 7. O-O Nf6 8.
Nbd2 Bg4 9. c3 O-O 10. h3 Bh5 11. Qe1 Re8 12. e5 d5 13. Bd3 Bxf3 14. Rxf3 c5
15. Be3 cxd4 16. cxd4 Nfd7 17. Qf2 Qe7 18. Rf1 f6 19. exf6 Nxf6 20. Bxh6 gxh6
21. Rxf6 Nc6 22. Qg3+ Kh8 23. Rxh6+ 1-0

[Event "31. DSenEM2019 Gruppe 65+"]
[Site "Radebeul"]
[Date "2019.05.02"]
[Round "7.59"]
[White "Jürgens, Peter"]
[Black "Fauth, Frank"]
[Result "1/2-1/2"]
[WhiteElo "1899"]
[BlackElo "1671"]
[Annotator "lenovo"]
[PlyCount "59"]
[EventDate "2019.??.??"]
[WhiteTeam "SC Tempo Göttingen"]
[BlackTeam "SV Jena"]

1. d4 d5 2. Nf3 Nf6 3. Bf4 e6 4. e3 c5 5. c3 Be7 6. h3 O-O 7. Nbd2 b6 8. Be2 c4
9. O-O b5 10. a3 Nc6 11. Qc2 a5 12. e4 dxe4 13. Nxe4 Bb7 14. Nfg5 g6 15. Nxf6+
Bxf6 16. Ne4 e5 17. dxe5 Bxe5 18. Bh6 Bg7 19. Bxg7 Kxg7 20. Nc5 Qc7 21. Nxb7
Qxb7 22. Bf3 Rac8 23. Rad1 Qc7 24. Bxc6 Qxc6 25. Rd4 Rfe8 26. Rfd1 Re6 27. Qd2
Rce8 28. Qf4 Qc5 29. Rd5 Qc6 30. Qd4+ {(=)} 1/2-1/2

[Event "31. DSenEM2019 Gruppe 65+"]
[Site "Radebeul"]
[Date "2019.05.02"]
[Round "7.60"]
[White "Reeh, Axel"]
[Black "Schmitt, Karl"]
[Result "1/2-1/2"]
[WhiteElo "1694"]
[BlackElo "1884"]
[PlyCount "116"]
[EventDate "2019.??.??"]
[WhiteTeam "Bremer SG"]
[BlackTeam "Bergische SF"]

1. Nf3 d6 2. d4 Nf6 3. c4 g6 4. g3 Bg7 5. Bg2 O-O 6. Nc3 Nbd7 7. O-O c6 8. e4
a6 9. h3 e5 10. d5 c5 11. b3 Rb8 12. Qe2 Ne8 13. Bb2 f5 14. Rad1 Ndf6 15. exf5
gxf5 16. Ng5 Nc7 17. h4 h6 18. Nh3 b5 19. cxb5 axb5 20. f4 Ng4 21. Nf2 exf4 22.
Nxg4 fxg4 23. Rxf4 Rxf4 24. gxf4 Qxh4 25. Ne4 Bxb2 26. Qxb2 Ne8 27. Qe2 Bf5 28.
Re1 c4 29. Qe3 cxb3 30. axb3 b4 31. Ng3 Bd7 32. Kf2 Rc8 33. Rh1 Qf6 34. Ne4 Qg7
35. Rh4 Bf5 36. Kg1 Rc7 37. Ng3 Bd7 38. f5 Rc3 39. Qf4 Rxg3 40. Qxg3 Bxf5 41.
Qe3 Nf6 42. Rxh6 Ne4 43. Bxe4 Bxe4 44. Rh2 Qa1+ 45. Kf2 Qb2+ 46. Kg3 Qe5+ 47.
Qf4 Bxd5 48. Qxe5 dxe5 49. Kxg4 Bxb3 50. Kf5 Bc4 51. Kxe5 b3 52. Kd4 Bf7 53.
Rb2 Kf8 54. Ke5 Bc4 55. Kd4 Bf7 56. Ke5 Bc4 57. Kd4 Bf7 58. Ke5 Bc4 1/2-1/2

[Event "31. DSenEM2019 Gruppe 65+"]
[Site "Radebeul"]
[Date "2019.05.02"]
[Round "7.61"]
[White "Reimann, Günther"]
[Black "Pöltelt, Helmut"]
[Result "1/2-1/2"]
[WhiteElo "1880"]
[BlackElo "1711"]
[Annotator "lenovo"]
[PlyCount "43"]
[EventDate "2019.??.??"]
[WhiteTeam "SC Magstadt"]
[BlackTeam "SC Eintracht Berlin"]

1. c4 Nf6 2. Nf3 c6 3. d3 d5 4. Nbd2 Nbd7 5. g3 e5 6. Qc2 Bd6 7. Bg2 Qe7 8. O-O
O-O 9. a3 Re8 10. Re1 e4 11. Nd4 e3 12. N2f3 exf2+ 13. Kxf2 Ng4+ 14. Kf1 Ne3+
15. Bxe3 Qxe3 16. Nf5 Qe6 17. Nxd6 Qxd6 18. Rac1 dxc4 19. dxc4 Qf6 20. Kg1 Ne5
21. Qc3 Bg4 22. Rf1 {(=)} 1/2-1/2

[Event "31. DSenEM2019 Gruppe 65+"]
[Site "Radebeul"]
[Date "2019.05.02"]
[Round "7.62"]
[White "Mortensen, Manfred"]
[Black "Dötzel, Hartwig"]
[Result "0-1"]
[WhiteElo "1657"]
[BlackElo "1877"]
[PlyCount "118"]
[EventDate "2019.??.??"]
[WhiteTeam "BSV Chemie Radebeul"]
[BlackTeam "USV TU Dresden"]

1. Nf3 d5 2. c4 e6 3. b3 Nf6 4. Bb2 Be7 5. g3 O-O 6. Bg2 c6 7. Qc2 Nbd7 8. O-O
b6 9. cxd5 cxd5 10. Qc6 Ba6 11. d3 Rc8 12. Qa4 Nc5 13. Qf4 Ncd7 14. Nc3 Qc7 15.
Qxc7 Rxc7 16. Rac1 Rfc8 17. Nb1 Rc2 18. Rxc2 Rxc2 19. Bxf6 Bxf6 20. Nfd2 Bg5
21. f4 Bf6 22. Rd1 Bd4+ 23. Kf1 Be3 24. a4 b5 25. axb5 Bb7 26. Ke1 Kf8 27. Na3
Ra2 28. Nab1 Rc2 29. Nc4 Bc5 30. Nca3 Ra2 31. Nc4 Bc8 32. Ncd2 Rc2 33. f5 a6
34. fxe6 fxe6 35. Bh3 Ke7 36. bxa6 Bxa6 37. Nf3 h6 38. Nbd2 Be3 39. Nh4 g5 40.
Ng2 Bc5 41. Ra1 Bb5 42. Kd1 Rc3 43. Rc1 Rxc1+ 44. Kxc1 Ne5 45. Nf3 Nxf3 46.
exf3 Bxd3 47. Ne1 Be3+ 48. Kd1 Bb5 49. Bg2 Kd6 50. Nc2 Bg1 51. h3 Bf2 52. g4
Ke5 53. Kd2 Kf4 54. Ne1 Kg3 55. Nd3 Bxd3 56. Kxd3 Kxg2 57. h4 Kxf3 58. h5 Bb6
59. Kc3 e5 0-1

[Event "31. DSenEM2019 Gruppe 65+"]
[Site "Radebeul"]
[Date "2019.05.02"]
[Round "7.63"]
[White "Klein, Reinhard"]
[Black "Ludwig, Siegfried"]
[Result "1-0"]
[WhiteElo "1863"]
[BlackElo "1536"]
[PlyCount "90"]
[EventDate "2019.??.??"]
[WhiteTeam "Münchener SC"]
[BlackTeam "GSV Hemmingen"]

1. d4 d5 2. Bf4 Nc6 3. e3 a6 4. Nd2 Nf6 5. c3 h6 6. Bd3 e6 7. Ngf3 Be7 8. h3
Bd6 9. Ne5 Nd7 10. Ndf3 Qf6 11. Ng4 Qe7 12. Nfe5 Ncxe5 13. dxe5 Bc5 14. b4 Bb6
15. e4 c6 16. exd5 cxd5 17. Bh2 h5 18. Ne3 f6 19. exf6 Qxf6 20. Qd2 d4 21. cxd4
Bxd4 22. Rc1 b5 23. O-O O-O 24. Be2 Ne5 25. Qxd4 Nf3+ 26. Bxf3 Qxd4 27. Bxa8
Bd7 28. Bf3 Qxb4 29. Bxh5 Qe4 30. Bf3 Qg6 31. Ng4 Be8 32. Rc7 a5 33. Be5 Bf7
34. Bd6 Rd8 35. Be7 Rd2 36. Ne5 Qf5 37. Nxf7 Qxf7 38. Rfc1 Rxa2 39. Rc8+ Kh7
40. Be4+ g6 41. Bc5 e5 42. Bd4 b4 43. R1c7 Qxc7 44. Rxc7+ Kg8 45. Bd5+ Kf8 1-0

[Event "31. DSenEM2019 Gruppe 65+"]
[Site "Radebeul"]
[Date "2019.05.02"]
[Round "7.64"]
[White "Baumast, Bernd"]
[Black "Hülle, Gunter"]
[Result "0-1"]
[WhiteElo "1534"]
[BlackElo "1736"]
[PlyCount "76"]
[EventDate "2019.??.??"]
[WhiteTeam "SV Bad Oldesloe"]
[BlackTeam "SV Springer Leipzig"]

 1. b4 e5 2. a3 c6 3.
Bb2 e4 4. d3 exd3 5. Qxd3 Nf6 6. Nc3 d5 7. g3 Be7 8. Bh3 b5 9. Bxc8 Qxc8 10. e4
Qe6 11. O-O-O dxe4 12. Qe3 Ng4 13. Qf4 h6 14. Qxe4 Nxf2 15. Qf3 Nxd1 16. Nxd1
Bg5+ 17. Kb1 O-O 18. Ne2 a5 19. Nd4 Qc4 20. Nb3 axb4 21. axb4 Qxb4 22. Rf1 Qe7
23. h4 Bf6 24. Bxf6 Qxf6 25. Qxf6 gxf6 26. Rxf6 Kg7 27. Rd6 Ra7 28. Nc3 Rd7 29.
Rd4 Rxd4 30. Nxd4 Kf6 31. Kb2 Ke5 32. Nce2 Rd8 33. Kc3 Ke4 34. Nb3 Rd5 35. Nf4
Rf5 36. Nd2+ Ke3 37. Nf1+ Kf2 38. Nd3+ Kxf1 0-1

[Event "31. DSenEM2019 Gruppe 65+"]
[Site "Radebeul"]
[Date "2019.05.02"]
[Round "7.65"]
[White "Bondick, Karl-Heinz"]
[Black "Fritsch, Jürgen"]
[Result "0-1"]
[WhiteElo "1948"]
[BlackElo "1751"]
[PlyCount "48"]
[EventDate "2019.??.??"]
[WhiteTeam "USC Magdeburg"]
[BlackTeam "HSK Lister Turm"]

1. d4 d5 2. e4 e6 3. Be3 dxe4 4. Nd2 Nf6 5. f3 exf3 6. Ngxf3 b6 7. Bb5+ c6 8.
Bd3 Ba6 9. c4 Bd6 10. Qe2 Bb7 11. O-O Nbd7 12. Bg5 O-O 13. Ne5 Qc7 14. Ndf3 c5
15. Bxf6 Nxf6 16. Ng5 h6 17. Rxf6 gxf6 18. Qh5 fxg5 19. Qxh6 f5 20. Qxe6+ Rf7
21. Bxf5 Bxe5 22. dxe5 Qc6 23. Qxc6 Bxc6 24. Be6 Kg7 0-1

[Event "31. DSenEM2019 Gruppe 65+"]
[Site "Radebeul"]
[Date "2019.05.02"]
[Round "7.66"]
[White "Dellos, Peter"]
[Black "Nowack, Achim"]
[Result "1-0"]
[WhiteElo "1858"]
[BlackElo "1696"]
[PlyCount "51"]
[EventDate "2019.??.??"]
[WhiteTeam "SK Ricklingen"]
[BlackTeam "SK Kaltenkirchen"]

1. e4 g6 2. d4 Bg7 3. Nf3 d6 4. Nc3 Nf6 5. Be2 O-O 6. h3 Nbd7 7. Be3 a6 8. O-O
b5 9. a3 Bb7 10. Bd3 Rc8 11. Qd2 c5 12. d5 c4 13. Be2 Nc5 14. Bxc5 Rxc5 15. Nd4
Qb6 16. Kh1 Rcc8 17. Rad1 h5 18. f4 Nd7 19. Bf3 Nc5 20. f5 Nd7 21. fxg6 fxg6
22. Ne6 Bxc3 23. bxc3 Rf7 24. Qg5 Kh7 25. Bxh5 Rxf1+ 26. Rxf1 1-0

[Event "31. DSenEM2019 Gruppe 65+"]
[Site "Radebeul"]
[Date "2019.05.02"]
[Round "7.67"]
[White "Narr, Irmgard"]
[Black "Werl, Ralf-Dieter"]
[Result "1/2-1/2"]
[WhiteElo "1708"]
[BlackElo "1904"]
[Annotator "lenovo"]
[PlyCount "100"]
[EventDate "2019.??.??"]
[WhiteTeam "SC Mühlhof-Reichelsdorf"]
[BlackTeam "SV Motor Hainichen"]

1. e4 e5 2. Nf3 Nc6 3. Bc4 Bc5 4. c3 Nf6 5. d3 h6 6. b4 Bb6 7. a4 a6 8. a5 Ba7
9. O-O d6 10. Re1 O-O 11. h3 Ne7 12. Nbd2 Ng6 13. Nf1 c6 14. Bb3 Qc7 15. Be3 c5
16. Rc1 Be6 17. Bxe6 fxe6 18. Qb3 Qf7 19. bxc5 Bxc5 20. Bxc5 dxc5 21. c4 Nh5
22. Qb2 Nhf4 23. Re3 Qc7 24. Kh2 Rad8 25. Qd2 Ne7 26. g3 Nfg6 27. Kg2 Nc6 28.
Ra1 Rf7 29. Qc3 Nd4 30. N1h2 Rdf8 31. Qe1 Nc2 32. Qc1 Nxa1 33. Qxa1 h5 34. h4
Ne7 35. Re2 Nc6 36. Ra2 Nd4 37. Nxd4 exd4 38. Qc1 Qe7 39. f4 e5 40. f5 Qf6 41.
Nf3 g6 42. Ng5 gxf5 43. Nxf7 Rxf7 44. Rf2 f4 45. Qd1 Qg6 46. Rf3 Qg4 47. Qa4
Rg7 48. Qe8+ Kh7 49. Qxe5 Qxh4 50. Qf5+ Kh8 1/2-1/2

[Event "31. DSenEM2019 Gruppe 65+"]
[Site "Radebeul"]
[Date "2019.05.02"]
[Round "7.68"]
[White "Schroeder, Christian"]
[Black "Peter, Volkhard"]
[Result "1-0"]
[WhiteElo "1957"]
[BlackElo "1723"]
[PlyCount "85"]
[EventDate "2019.??.??"]
[WhiteTeam "HSG Uni Rostock"]
[BlackTeam "SV Einheit Schwerin"]

1. d4 d5 2. c4 e5 3. dxe5 d4 4. Nf3 Nc6 5. g3 Nge7 6. Bg2 Ng6 7. Bg5 Bb4+ 8.
Nbd2 Qd7 9. a3 Bxd2+ 10. Qxd2 Ngxe5 11. Nxe5 Nxe5 12. Qb4 f6 13. Bf4 a5 14. Qc5
b6 15. Qb5 Qxb5 16. cxb5 Ra7 17. Rd1 g5 18. Bc1 d3 19. exd3 Bg4 20. Rd2 Bf3 21.
O-O O-O 22. d4 Bxg2 23. Kxg2 Nc4 24. Rc2 Nd6 25. a4 Re8 26. f4 g4 27. f5 Re4
28. Rf4 h5 29. Rxe4 Nxe4 30. Bf4 Nd6 31. Bxd6 cxd6 32. Rc6 Re7 33. Kf2 Rb7 34.
Rxd6 Kg7 35. Ke3 Re7+ 36. Re6 Rb7 37. d5 Kf7 38. Kd4 Kg7 39. d6 Kf7 40. Kd5 Rb8
41. Kc6 h4 42. Kc7 hxg3 43. hxg3 1-0

[Event "31. DSenEM2019 Gruppe 65+"]
[Site "Radebeul"]
[Date "2019.05.02"]
[Round "7.69"]
[White "Baensch, Frank"]
[Black "Keeve, Martin"]
[Result "0-1"]
[WhiteElo "1713"]
[BlackElo "1860"]
[PlyCount "98"]
[EventDate "2019.??.??"]
[WhiteTeam "Schach macht fit"]
[BlackTeam "USV TU Dresden"]

1. Nf3 d6 2. e3 c6 3. d4 g6 4. b4 Bg7 5. c3 Nf6 6. Qc2 O-O 7. h3 Nbd7 8. e4 e5
9. Be3 Re8 10. Bd3 Nf8 11. Nbd2 Qc7 12. Nb3 h6 13. Rc1 g5 14. g4 Ng6 15. Nbd2
Nh7 16. Qb3 Nhf8 17. Qc2 Ne6 18. Bf1 Nef4 19. c4 b6 20. d5 c5 21. b5 Bd7 22.
Qb3 a6 23. a4 axb5 24. cxb5 Ra7 25. Nc4 Rea8 26. Nb2 Bf8 27. Rg1 Be7 28. Rh1
Kg7 29. Ng1 Rh8 30. Ne2 Raa8 31. Qc3 Bf6 32. Qd2 Nh4 33. Ng1 h5 34. Bxf4 exf4
35. f3 hxg4 36. Bg2 gxf3 37. Nxf3 Nxf3+ 38. Bxf3 Rxh3 39. Rxh3 Bxh3 40. Rc4 Qe7
41. Kd1 Rh8 42. Nd3 Bd4 43. Kc2 Bd7 44. Qg2 Qf6 45. Qe2 Rh3 46. Qg2 Rg3 47. Qe2
g4 48. Bh1 f3 49. Qh2 Rh3 0-1

[Event "31. DSenEM2019 Gruppe 65+"]
[Site "Radebeul"]
[Date "2019.05.02"]
[Round "7.70"]
[White "Weber, Martin"]
[Black "Ritter, Fred"]
[Result "1-0"]
[WhiteElo "1848"]
[BlackElo "1706"]
[PlyCount "100"]
[EventDate "2019.??.??"]
[WhiteTeam "SV Betzdorf-Kirchen"]
[BlackTeam "BSV Chemie Radebeul"]

1. d4 Nf6 2. Bf4 d6 3. d5 c6 4. c4 cxd5 5. cxd5 Bf5 6. Nc3 Nbd7 7. Nf3 h6 8. e3
Nh5 9. Bg3 Nxg3 10. hxg3 Qa5 11. Bb5 a6 12. Bd3 Bg4 13. Be2 Rc8 14. O-O g5 15.
Nd4 Bxe2 16. Ndxe2 Bg7 17. a3 b5 18. b4 Qc7 19. Rc1 Qb7 20. Nd4 O-O 21. f4 Bxd4
22. Qxd4 Rc4 23. Qd2 g4 24. Ne2 Rfc8 25. Rxc4 Rxc4 26. Rc1 Nb6 27. Nc3 f5 28.
Rd1 Qc7 29. Ne2 Kf7 30. Qd3 Qc8 31. Kf2 Kg6 32. Rh1 Qb7 33. Nc3 Qc8 34. Ne2 Nd7
35. Nd4 Nf6 36. Nc6 Qb7 37. Re1 Ne4+ 38. Kf1 Rc3 39. Qd4 Rxa3 40. Qh8 Nf6 41.
Qf8 Nxd5 42. Qg8+ Kf6 43. Qh8+ Kg6 44. Qg8+ Kf6 45. Qf8+ Kg6 46. Qg8+ Kf6 47.
Qxd5 Qc7 48. Qd4+ Ke6 49. Qb2 Rd3 50. Nd4+ Kf6 1-0

[Event "31. DSenEM2019 Gruppe 65+"]
[Site "Radebeul"]
[Date "2019.05.02"]
[Round "7.71"]
[White "Hellwege, Werner"]
[Black "Wawrinsky, Ludwig"]
[Result "0-1"]
[WhiteElo "1845"]
[BlackElo "1676"]
[PlyCount "52"]
[EventDate "2019.??.??"]
[WhiteTeam "HSK Lister Turm"]
[BlackTeam "SK Neuperlach"]

1. d4 Nf6 2. Nf3 e6 3. g3 b6 4. Bg2 Bb7 5. O-O h6 6. c4 a5 7. a3 c5 8. d5 exd5
9. Nh4 Qc8 10. cxd5 d6 11. Nc3 Be7 12. e4 O-O 13. Nf5 Re8 14. Bf4 Qd7 15. Bh3
Qd8 16. Re1 Bf8 17. g4 Bc8 18. f3 Bxf5 19. exf5 Nbd7 20. Bg3 Rxe1+ 21. Bxe1 Qe7
22. Bf2 Re8 23. Qd2 Ne5 24. Re1 Nxf3+ 25. Kh1 Nxd2 26. Rxe7 Rxe7 0-1

[Event "31. DSenEM2019 Gruppe 65+"]
[Site "Radebeul"]
[Date "2019.05.02"]
[Round "7.72"]
[White "Rudolph, Karl-Heinz"]
[Black "Siewert, Wolfgang"]
[Result "1/2-1/2"]
[WhiteElo "1642"]
[BlackElo "1807"]
[PlyCount "34"]
[EventDate "2019.??.??"]
[WhiteTeam "SV Irxleben"]
[BlackTeam "SV Eiche Reichenbrand"]

1. e4 e6 2. d4 b6 3. Nc3 Bb7 4. a3 d6 5. Be3 Nd7 6. d5 e5 7. Nh3 Be7 8. Qg4 g6
9. f4 Ngf6 10. Qf3 exf4 11. Nxf4 Ne5 12. Qe2 Bc8 13. h3 h5 14. O-O-O h4 15. Rg1
Nh5 16. Nxh5 Rxh5 17. Kb1 Bf6 1/2-1/2

[Event "31. DSenEM2019 Gruppe 65+"]
[Site "Radebeul"]
[Date "2019.05.02"]
[Round "7.73"]
[White "Huber, Helmut"]
[Black "Gafke, Manfred"]
[Result "1/2-1/2"]
[WhiteElo "1652"]
[BlackElo "1765"]
[PlyCount "47"]
[EventDate "2019.??.??"]
[WhiteTeam "Brackweder SK"]
[BlackTeam "SV Lok Dresden"]

1. d4 d5 2. Nf3 Bf5 3. c4 c6 4. Nc3 e6 5. Bf4 Nd7 6. Qb3 Qb6 7. e3 Bb4 8. Be2
Ngf6 9. Nd2 O-O 10. O-O Bxc3 11. Qxc3 Rac8 12. c5 Qd8 13. Qb3 b6 14. Ba6 bxc5
15. Bxc8 Qxc8 16. dxc5 e5 17. Bg5 Nxc5 18. Qc3 Nfe4 19. Qa3 Nxd2 20. Be7 Re8
21. Bxc5 Nxf1 22. Rxf1 a6 23. Rc1 Qb7 24. Qc3 1/2-1/2

[Event "31. DSenEM2019 Gruppe 65+"]
[Site "Radebeul"]
[Date "2019.05.02"]
[Round "7.74"]
[White "Ollek, Karl-Heinz"]
[Black "Andrasch, Peter"]
[Result "1-0"]
[WhiteElo "1626"]
[BlackElo "1740"]
[PlyCount "81"]
[EventDate "2019.??.??"]
[WhiteTeam "SC Friesen Lichtenberg"]
[BlackTeam "SF Nordost Berlin"]

1. c4 e5 2. Nc3 Nf6 3. Nf3 d6 4. g3 b6 5. Bg2 Bb7 6. e4 Nbd7 7. d3 Be7 8. O-O
O-O 9. h3 Rb8 10. b4 c6 11. Bg5 h6 12. Be3 d5 13. exd5 cxd5 14. Nxd5 Nxd5 15.
cxd5 Bxb4 16. Qa4 Ba5 17. Nh4 Nf6 18. d6 Bc8 19. Rac1 Qxd6 20. d4 e4 21. Bf4
Qd5 22. Bxb8 Ba6 23. Be5 Nd7 24. Nf5 Kh7 25. Ne7 Qe6 26. Nc6 Bd3 27. Nxa5 Nxe5
28. dxe5 e3 29. Be4+ Bxe4 30. Qxe4+ f5 31. Qxe3 bxa5 32. f4 Qg6 33. Kh2 h5 34.
Qf3 Rb8 35. Rf2 Qf7 36. e6 Qe8 37. Rc7 Kh6 38. Qc3 Qg6 39. h4 Re8 40. e7 Qe6
41. Rc6 1-0

[Event "31. DSenEM2019 Gruppe 65+"]
[Site "Radebeul"]
[Date "2019.05.02"]
[Round "7.75"]
[White "Thonig, Manfred"]
[Black "Gabriel, Rolf"]
[Result "1/2-1/2"]
[WhiteElo "1564"]
[BlackElo "1726"]
[Annotator "lenovo"]
[PlyCount "104"]
[EventDate "2019.??.??"]
[BlackTeam "SV Ottendorf-Okrilla"]

 1. f4 e5 2. fxe5 d6 3. exd6 Bxd6 4. Nf3
Nc6 5. g3 Nf6 6. Bg2 O-O 7. O-O Re8 8. d4 Nd5 9. e4 Rxe4 10. c3 Ne3 11. Bxe3
Rxe3 12. Nbd2 Bg4 13. Nc4 Re8 14. Qd3 h6 15. Rae1 Qd7 16. Nxd6 Qxd6 17. Nd2 Qd7
18. Bxc6 Qxc6 19. d5 Qb6+ 20. Qd4 Bh3 21. Rxe8+ Rxe8 22. Qxb6 axb6 23. Rf4 Re2
24. Rf2 Re1+ 25. Nf1 Rb1 26. c4 f5 27. b3 Kf7 28. g4 g6 29. gxf5 gxf5 30. Rf3
Rxf1+ 31. Rxf1 Bxf1 32. Kxf1 Kf6 33. Kf2 Ke5 34. Ke3 f4+ 35. Kf3 h5 36. h3 Kf5
37. h4 Ke5 38. a4 Kf5 39. b4 Ke5 40. b5 Kf5 41. Kf2 Ke4 42. Ke2 Kd4 43. Kf3
Kxc4 44. Kxf4 Kxd5 45. Kg5 Ke5 46. Kxh5 Kf5 47. Kh6 Kf6 48. h5 c5 49. bxc6 bxc6
50. Kh7 Kf7 51. h6 c5 52. a5 bxa5 1/2-1/2

[Event "31. DSenEM2019 Gruppe 65+"]
[Site "Radebeul"]
[Date "2019.05.02"]
[Round "7.76"]
[White "Richter, Stefan"]
[Black "Klimpel, Siegfried"]
[Result "0-1"]
[WhiteElo "1631"]
[BlackElo "1856"]
[PlyCount "98"]
[EventDate "2019.??.??"]
[WhiteTeam "SZ Langenberg"]
[BlackTeam "TSV Kareth-Lappersdorf"]

1. e4 c5 2. Bc4 e6 3. Nc3 Nc6 4. Nf3 a6 5. a4 Qc7 6. Ba2 Nf6 7. h3 Be7 8. d3
O-O 9. Qe2 d6 10. Bf4 Nd4 11. Qd1 Bd7 12. Be3 Nc6 13. O-O Nb4 14. Bb3 b5 15.
axb5 axb5 16. Qe2 Bc6 17. Na2 Nxa2 18. Rxa2 Rxa2 19. Bxa2 Ra8 20. Bb1 Qb8 21.
c3 c4 22. Bg5 h6 23. Bxf6 Bxf6 24. d4 b4 25. e5 Bxf3 26. Qxf3 dxe5 27. Qe4 g6
28. d5 bxc3 29. dxe6 Qf8 30. exf7+ Kxf7 31. Qxc4+ Kg7 32. Qe4 Qe8 33. h4 Ra4
34. Qe3 cxb2 35. h5 e4 36. Qb3 g5 37. Re1 Qc6 38. Ba2 Qe8 39. Qb7+ Qe7 40. Qd5
Qe8 41. Qb7+ Kh8 42. Qb3 Bg7 43. Rd1 Rxa2 44. Qxa2 e3 45. fxe3 Qxe3+ 46. Kh1
Qe8 47. Qa5 Qxh5+ 48. Kg1 Qxd1+ 49. Kh2 b1=Q 0-1